000 00457nam a2200169Ia 4500
003 GCL
008 140319s9999 xx 000 0 eng d
040 _aGCL /
_cGCL
082 0 4 _a621.3192
_bH I
100 1 _aHOOD, JOHN LINSLEY
245 1 0 _aTHE ART OF LINEAR ELECTRONICS /
_cHOOD, JOHN LINSLEY
260 _a[S.N] :
_bBUTTERWORTH HEINEMANN ،
_c1993
300 _a336 P
650 0 4 _aELECTRONICS
650 0 4 _aELECTRICAL ENGINEERING
942 _2ddc
_cBK
999 _c21188
_d21188